000 00481nam a2200145Ia 4500
008 151213s9999 xx 000 0 und d
100 _aসরদার ফজলুল করীম
245 _aদর্শন কোষ
_cসরদার ফজলুল করীম
260 _aঢাকা
_bবাংলা সাহিত্য
_c1973
300 _a8395 p.
650 _aBangla
650 _aBangla
700 _aসরদার ফজলুল করীম
999 _c4233
_d4233